Statistiken für Regionen Deutschlands, Österreichs und der Schweiz

Klicken Sie hier um das Quiz zu spielen!

Allgemein

  • Dieses Quiz wurde 25.529 mal gespielt
  • Das Durchschnittsergebnis liegt bei 31 aus 51

Antworten auf der Karte

Die Antworten werden auf der Karte rot bzw. grün angezeigt, abhängig davon wie oft sie richtig erraten wurden.
 

Antwortstatistiken

Bundesland / Kanton% Korrekt
Bayern
98%
Berlin
98%
Hamburg
95%
Sachsen
94%
Baden-Württemberg
92%
Bremen
92%
Nordrhein-Westfalen
92%
Brandenburg
91%
Saarland
91%
Wien
91%
Sachsen-Anhalt
90%
Hessen
89%
Mecklenburg-Vorpommern
89%
Niedersachsen
89%
Schleswig-Holstein
89%
Thüringen
89%
Bern
86%
Rheinland-Pfalz
86%
Zürich
82%
Tirol
81%
Salzburg
73%
Genf
63%
Oberösterreich
63%
Niederösterreich
62%
Kärnten
58%
Steiermark
56%
Burgenland
54%
Vorarlberg
50%
Uri
45%
Luzern
44%
Graubünden
40%
St. Gallen
40%
Tessin
39%
Baselland
38%
Schwyz
38%
Wallis
38%
Aargau
37%
Basel-Stadt
37%
Freiburg
36%
Zug
36%
Schaffhausen
34%
Jura
33%
Thurgau
32%
Appenzell-Ausserrhoden
31%
Appenzell-Innerrhoden
31%
Neuenburg
30%
Waadt
30%
Obwalden
28%
Solothurn
28%
Glarus
27%
Nidwalden
27%

Verteilung der Resultate

Perzentil nach korrekt beantworteten Fragen

Anzahl Personen mit jedem Resultat

Ihre Resultats-Entwicklung

Sie haben dieses Quiz noch nicht gespielt